La presencia del Dr. Eugenio Fonseca Tortós en el Consejo de la Universidad de Costa Rica
Furkejuvvon:
| Váldodahkki: | |
|---|---|
| Eará dahkkit: | , |
| Materiálatiipa: | Dovdameahttun |
| Almmustuhtton: |
San José:
EUNED. EUCR
|
| Ráidu: | Eugenio Fonseca Tortós. Selección de su obra sociológica
|
| Fáttát: | |
| Fáddágilkorat: |
Lasit fáddágilkoriid
Eai fáddágilkorat, Lasit vuosttaš fáddágilkora!
|
MARC
| LEADER | 00000 a2200000 04500 | ||
|---|---|---|---|
| 001 | 19501 | ||
| 003 | cru CIDCACS/IIS | ||
| 005 | 20170426032031.0 | ||
| 008 | 991231s d | ||
| 040 | |c cru CIDCACS/IIS | ||
| 090 | |a 05.01.02 E87e T.3 | ||
| 100 | 1 | |a Fournier García, Eduardo |9 4397 | |
| 245 | 1 | 3 | |a La presencia del Dr. Eugenio Fonseca Tortós en el Consejo de la Universidad de Costa Rica |c Jorge Rovira Mas, José Luis Vega Carballo y Fernando Bolaños Baldioceda |
| 260 | |a San José: |b EUNED. EUCR | ||
| 300 | |a páginas 945-960; T. 3 | ||
| 440 | 0 | |9 4196 |a Eugenio Fonseca Tortós. Selección de su obra sociológica | |
| 650 | |a BIOGRAFIAS | ||
| 650 | 1 | 0 | |a UNIVERSIDAD DE COSTA RICA |9 4358 |
| 650 | 1 | 0 | |a EUGENIO FONSECA TORTOS |9 4390 |
| 700 | |a | ||
| 700 | |a Vega Carballo, José Luis | ||
| 700 | |a | ||
| 700 | |a Bolaños Baldioceda, Fernando | ||
| 700 | |a | ||
| 942 | |2 ddc |c LI | ||
| 999 | |c 15811 |d 15811 | ||
